Norma Chilena Oficial NCh 1171-2 Of2001

Furkejuvvon:
Bibliográfalaš dieđut
Searvvušdahkkit: Instituto Nacional de Normalización (Dahkki), INN (Dahkki)
Materiálatiipa: Girji
Giella:espánnjágiella
Almmustuhtton: Santiago Instituto Nacional de Normalización 2001
Preanttus:1a. ed
Fáttát:
Fáddágilkorat: Lasit fáddágilkoriid
Eai fáddágilkorat, Lasit vuosttaš fáddágilkora!

MARC

LEADER 00000nam a2200000 a 4500
001 UCK5842
003 CL-VaPUC
008 050826e20010000CL |||||||||||||||||spa|d
082 0 4 |a 691.3  |b INS  |2 21 
110 2 |a Instituto Nacional de Normalización  |e author  |9 494833 
710 2 |a INN  |e author  |9 494834 
245 1 0 |a Norma Chilena Oficial NCh 1171-2 Of2001 
246 1 0 |a Hormigón - Testigos de hormigón endurecido - Parte 2: evaluación de resultados de resistencia mecánica 
250 |a 1a. ed 
300 |a 9 p 
942 |c BK 
945 |d 20050826 00:00:00  |a cmena 
260 |a Santiago  |b Instituto Nacional de Normalización  |c 2001 
650 0 |a Hormigones  |9 262546 
650 0 |a Materiales de construcción  |9 260197 
650 0 |a Resistencia de materiales  |9 260095 
650 0 |a Medidas de seguridad  |9 264085 
583 |a last modification  |c 20050826 00:00:00  |k Rodrigo Vera 
999 |c 314294  |d 314292